Atlanta Braves 2024 Opening Day Lineup - Statistics

General Stats
  • This quiz has been taken 142 times
  • The average score is 9 of 10
Answer Stats
Position Player % Correct
RF Ronald Acuna Jr.
100%
DH Marcell Ozuna
97%
1B Matt Olson
97%
CF Michael Harris II
97%
2B Ozzie Albies
96%
3B Austin Riley
95%
SP Spencer Strider
92%
SS Orlando Arcia
90%
C Sean Murphy
89%
LF Jarred Kelenic
71%
No matching quizzes found
Score Distribution
Percent of People with Each Score
Percentile by Number Answered
Your Score History
You have not taken this quiz